Commutative algebra /
Guardado en:
| Autor Principal: | |
|---|---|
| Otros Autores: | , |
| Formato: | Libro |
| Idioma: | English |
| Publicado: |
Princeton, New Jersey :
D. Van Nostrand,
c1958-1960.
|
| Series: | The university series in higher mathematics
|
| Etiquetas: |
Agregar Etiqueta
Sin Etiquetas, Sea el primero en etiquetar este registro!
|
| LEADER | 00731nam a22002055a 4500 | ||
|---|---|---|---|
| 001 | MAT.inmabb000840 | ||
| 008 | 031119s19581960nju###########001#0#eng#d | ||
| 005 | 20160107191941.0 | ||
| 245 | 1 | 0 | |a Commutative algebra / |c by Oscar Zariski and Pierre Samuel ; with the cooperation of I. S. Cohen. |
| 260 | |a Princeton, New Jersey : |b D. Van Nostrand, |c c1958-1960. | ||
| 300 | |a 2 v. ; |c 24 cm. | ||
| 440 | 4 | |a The university series in higher mathematics | |
| 510 | 4 | |a MR, |c 19,833e |3 (v. 1) | |
| 510 | 4 | |a MR, |c 22 #11006 |3 (v. 2) | |
| 100 | 1 | |a Zariski, Oscar, |d 1899-1986. | |
| 700 | 1 | |a Samuel, Pierre, |d 1921- | |
| 700 | 1 | |a Cohen, Irvin Sol, |d 1917- | |
| 084 | |a 13-02 |2 msc2000 | ||
| 010 | |a 58007911 | ||
| 859 | |h 13 |i Z37 |p A-656 |v 1 |3 Vol. 1 |b BIB. MATEMATICA | ||
